[Event "ARM-ch Rapid 2019"]
[Site "Yerevan"]
[Date "2019.01.23"]
[Round "7.9"]
[White "Gharibyan, Mamikon"]
[Black "Babujian, Levon"]
[Result "1/2-1/2"]
[WhiteElo "2318"]
[BlackElo "2488"]
[Annotator "TA"]
[PlyCount "145"]
[EventDate "2019.01.22"]
[EventType "tourn"]
[EventCountry "ARM"]

{[%evp 15,145,7,24,12,18,4,8,12,42,39,36,40,43,40,57,29,40,39,32,12,18,26,29,22,22,26,72,39,65,32,16,13,10,1,26,31,43,0,0,0,0,0,0,0,0,5,48,43,60,39,30,41,41,41,31,15,122,60,62,56,56,59,61,58,58,58,58,58,86,-262,106,106,110,93,125,112,172,66,66,66,66,66,66,60,66,65,66,65,58,43,66,66,66,66,66,66,66,66,66,66,66,66,66,66,66,66,66,66,66,66,66,66,66,66,66,66,66,66,66,50,50,47,47,47,47,0,0,0,0,0,0,0]} 1. d4 Nf6 2. Nf3 g6 3. Nbd2 d5 4. e3 Bg7 5. b4 O-O 6. Bb2 {D02: 1 d4 d5 2 Nf3 sidelines, including 2...Nf6 3 g3 and 2...Nf6 3 Bf4} a5 (6... c6 7. c4 Nbd7 8. a4 Ne4 9. cxd5 Nxd2 10. Qxd2 cxd5 11. Bd3 Nf6 12. O-O Ne4 13. Qe2 Nd6 14. Rfc1 Bf5 15. Bxf5 gxf5 {1-0 (47) Sargissian,G (2689)-Kovalev,V (2683) St Petersburg 2018}) 7. b5 a4 8. Ba3 Nbd7 {LiveBook: 3 Games} 9. Bd3 $146 ({Predecessor:} 9. Be2 Re8 10. O-O e5 11. Nxe5 Nxe5 12. dxe5 Rxe5 13. Rc1 Re8 14. Bb2 c5 15. bxc6 bxc6 16. c4 Qd6 17. Bd4 h6 18. cxd5 cxd5 19. Bc5 {½-½ (19) Sundararajan,K (2524)-Tyomkin,D (2549) Edmonton 2005}) 9... Re8 10. O-O e5 11. dxe5 Ng4 12. e6 fxe6 13. Rc1 c5 14. bxc6 $1 bxc6 15. c4 Ba6 16. Be2 Nge5 17. cxd5 Bxe2 18. Qxe2 cxd5 19. Nd4 {Threatening Nb5.} Nb6 20. Nc6 Qd7 21. Nxe5 Bxe5 22. Bc5 Rab8 23. Qa6 Qb7 24. Qb5 Qd7 25. Qd3 Qf7 26. Nf3 Bb2 27. Rc2 Nc4 28. e4 Rbc8 29. Bd4 Bxd4 30. Qxd4 a3 31. Rfc1 Rcd8 32. exd5 exd5 33. h3 Re4 34. Qd3 Rde8 35. Rc3 Qf5 (35... Re2 $11) 36. Rb3 ({White should play} 36. g4 $1 $16 {[%cal Rg4f5]} Qf4 37. Qxd5+ Kh8 38. Rxc4 Qxf3 39. Rxe4 Qxe4 40. Qxe4 Rxe4 41. Rc8+ Kg7 42. Ra8) 36... Re2 $14 37. Qd4 $1 Qe4 {Hoping for ...Qxd4.} 38. Qa7 $1 Qf4 39. Rd1 Nd2 40. Nxd2 $1 Rxd2 {[%cal Rd2d1]} 41. Rf1 {Rf3 is the strong threat.} d4 42. Rb7 $2 {[%mdl 8192] [#]} (42. Rf3 $16 {keeps the pressure on.} Qe5 43. Qf7+ Kh8 44. Rxa3) 42... Qf6 $2 (42... Rxf2 $1 $19 {[%csl Gf4][%cal Rf2f1][%mdl 512]} 43. Qa6 (43. Rg7+ $2 Kf8 $19) (43. Rxf2 Re1+) 43... Rxf1+ 44. Qxf1 Qxf1+ 45. Kxf1 d3) 43. Qxa3 $16 Rde2 44. Qb3+ Kh8 45. Qc4 Re1 (45... Qd6 $16 {was necessary.} 46. a4 d3) 46. Qc7 (46. Rd7 $18) 46... R1e7 $14 47. Qb6 Qxb6 48. Rxb6 {[%mdl 4096] Endgame KRR-KRR} Rd7 49. Rb2 d3 50. Rd1 Kg7 51. Rbd2 Red8 52. f3 Kf6 53. Kf2 h5 54. h4 Kf5 55. Rb1 Rd5 56. Rb4 R8d6 57. Ke3 Re6+ 58. Re4 Red6 59. a4 Rd7 60. Rf4+ Ke6 61. Rb4 R7d6 62. Rb5 {Strongly threatening Rxd5.} Rd4 63. a5 R4d5 64. Rxd5 Rxd5 65. Rxd3 Rxa5 {KR-KR} 66. Rb3 Kf5 67. Rb8 Ra2 68. Rb5+ Kf6 69. Rb6+ Kf5 70. g4+ hxg4 {The position is equal.} 71. Rb5+ Kf6 72. fxg4 Ra3+ 73. Ke4 {Precision: White = 55%, Black = 59%.} 1/2-1/2

[Event "ARM-ch Rapid 2019"]
[Site "Yerevan"]
[Date "2019.01.23"]
[Round "7.10"]
[White "Shahinyan, David"]
[Black "Minasian, Artashes"]
[Result "0-1"]
[WhiteElo "2429"]
[BlackElo "2472"]
[Annotator "TA"]
[PlyCount "62"]
[EventDate "2019.01.22"]
[EventType "tourn"]
[EventCountry "ARM"]

{[%evp 11,62,0,-9,-28,0,0,20,0,18,20,28,0,39,19,48,48,42,-20,36,-22,83,64,167,177,187,103,58,0,17,0,0,0,0,0,0,-15,-19,-80,-87,-60,-68,-180,-167,-445,-256,-412,-360,-773,-627,-29986,-29987,-29987,-29972]} 1. c4 g6 2. Nc3 Bg7 3. g3 c5 4. Bg2 Nc6 5. e4 d6 6. d3 a6 7. a4 {A36: Symmetrical English vs ...g6: 4 Bg2 Bg7} (7. Nge2 Rb8 8. a4 Nf6 9. O-O O-O 10. Rb1 Bd7 11. Be3 Ng4 12. Bg5 h6 13. Bc1 Nb4 14. f4 f5 {0-1 (48) Berkes,F (2696)-Tadic,B (2506) Jahorina 2012}) 7... Bd7 8. Nge2 Nd4 $146 ({Predecessor:} 8... e6 9. Be3 Nd4 10. O-O Ne7 11. Rb1 Nec6 12. f4 Rb8 13. e5 dxe5 14. Ne4 Nxe2+ 15. Qxe2 {1-0 (41) Ibrahim,H (2390)-Hamoudi,T Bejaia 2012}) 9. O-O {The position is equal.} Rb8 (9... Nc6 {keeps more tension.} 10. Be3 Nf6 11. h3 h5 12. Rc1 Rb8) 10. Nxd4 cxd4 11. Ne2 a5 12. f4 Nh6 13. h3 f5 14. Bd2 (14. exf5 $14 Nxf5 15. g4) 14... Nf7 (14... O-O $11) 15. Qe1 (15. exf5 $14 Bxf5 16. Qc2) 15... Ra8 (15... fxe4 $11 {keeps the balance.} 16. Bxe4 Bxh3 17. Bxa5 b6) 16. Qf2 e5 (16... fxe4 $14 17. Bxe4 (17. Nxd4 exd3 18. Rae1 O-O $14) 17... O-O) 17. exf5 $18 gxf5 18. fxe5 ({White should try} 18. Bxb7 $18 Rb8 19. Bd5) 18... dxe5 $16 19. g4 O-O $1 20. gxf5 {f6 is the strong threat.} Nd6 {[%cal Rd6f5]} 21. Ng3 {And now Nh5 would win.} Nxf5 $1 22. Nxf5 Bxf5 23. Qg3 Ra6 24. Kh1 (24. h4 $11) 24... Rg6 $17 25. Qf3 Kh8 26. Rae1 {[#]} (26. Qxb7 $15 Qh4 27. Rxf5 Rxf5 28. Rf1 Rxf1+ 29. Bxf1) 26... Qh4 $1 $19 {White must now prevent ...Rg3.} 27. Rd1 $2 {[#]} (27. Bxa5 e4 28. Rxe4 Bxe4 29. Qxe4 Rxf1+ 30. Bxf1 Qxe4+ 31. dxe4) 27... Bg4 (27... e4 $142 $1 {[%mdl 512]} 28. Qxf5 (28. dxe4 Rxg2) 28... Rxf5 29. Rxf5 Qg3 {[%mdl 64] Double Attack}) 28. Qe4 $2 (28. Qxf8+ Bxf8 29. Rxf8+ Rg8 30. Rxg8+ Kxg8 31. Rg1) 28... Bf6 29. Rxf6 $2 (29. Kh2 Qh5 30. Rde1) 29... Rfxf6 ({Stronger than} 29... Qxf6 30. hxg4 Qh4+ 31. Kg1 $11) 30. Rg1 Qh5 31. Kh2 {[#]} Bxh3 $1 {[%mdl 512] Accuracy: White = 28%, Black = 48%.} 0-1

[Event "ARM-ch Rapid 2019"]
[Site "Yerevan"]
[Date "2019.01.23"]
[Round "8.1"]
[White "Martirosyan, Haik M."]
[Black "Hovhannisyan, Robert"]
[Result "1-0"]
[WhiteElo "2607"]
[BlackElo "2637"]
[Annotator "TA"]
[PlyCount "81"]
[EventDate "2019.01.22"]
[EventType "tourn"]
[EventCountry "ARM"]

{[%evp 11,81,7,21,27,29,42,30,25,26,20,31,24,24,12,23,24,23,20,25,26,55,36,53,20,32,-41,-37,-42,0,0,0,0,0,0,0,0,18,0,0,4,56,26,16,14,43,16,16,16,18,18,13,8,55,55,875,603,591,598,911,903,868,869,29990,29991,29991,29992,29992,1356,1228,1206,29998,29999]} 1. c4 c6 2. Nf3 d5 3. e3 Nf6 4. b3 Bf5 5. Bb2 e6 6. Be2 Nbd7 7. Nh4 {A12: English Opening: 1...c6 with b3 by White} Bg6 8. O-O Bd6 9. d3 {[%cal Bd2d3,Bd3d4][%mdl 32] White has an edge.} (9. g3 Qe7 10. Nc3 O-O 11. d3 a6 12. Rc1 Rac8 {1-0 (54) Granda Zuniga,J (2667)-Henriquez Villagra,C (2511) Baku 2015}) 9... Qe7 10. a3 $146 ({Predecessor:} 10. Nc3 O-O-O 11. d4 Ne4 12. Nf3 Bc7 {0-1 (33) Aagaard,J (2255)-Liiva,R (2360) Vejen 1993}) 10... Be5 11. d4 Bd6 12. Nd2 Ne4 13. g3 f5 14. Nxe4 fxe4 15. f4 exf3 16. Bxf3 Qg5 17. Qe2 Nf6 $1 18. cxd5 ({Better is} 18. Nxg6 $14 Qxg6 19. Rfe1) 18... exd5 $15 19. Nxg6 hxg6 20. e4 dxe4 21. Bxe4 O-O-O 22. Bc1 Qa5 23. Bxg6 Qd5 {Strongly threatening ...Bxg3!} 24. Qf3 Qxd4+ 25. Be3 Qe5 (25... Qb2 $11 26. Qg2 Be5) 26. Rae1 Qa5 27. b4 {[%cal Bb3b4,Bb4b5][%mdl 32]} Qxa3 28. Bf5+ Kb8 29. Ra1 $1 $36 {[%cal Ra1a3][%mdl 2048] White fights for an advantage.} Qb2 {[%csl Gh8][%cal Rb2h2]} 30. Bxa7+ Kc7 {[%csl Gh8][%cal Rb2h2]} 31. Bf2 {Hoping for b5!} Be5 {[#]} 32. b5 $1 {[%mdl 512] Ra7 is the strong threat.} Bd4 $2 {[%mdl 8192]} (32... Qc3 $14 33. Qg2 Qc4) (32... Qxb5 33. Rfb1) 33. Qf4+ Rd6 {[#]} 34. Rad1 $1 {[%cal Rd1d4]} c5 {[#]} 35. Rxd4 $1 {[%mdl 512]} cxd4 36. Rc1+ Kb8 37. Qxd6+ Ka8 38. Rb1 Qc3 39. Qxd4 (39. Bxd4 $142 Qa5 40. Ra1 Qxa1+ 41. Bxa1 Re8 42. b6 Re1+ 43. Kf2 Ne4+ 44. Bxe4 Rf1+ 45. Kxf1 g5 46. Qf8#) 39... Qxd4 $18 40. Bxd4 {Intending Ra1+ and mate.} Rh5 41. Ra1+ {Accuracy: White = 62%, Black = 44%.} 1-0

[Event "ARM-ch Rapid 2019"]
[Site "Yerevan"]
[Date "2019.01.23"]
[Round "8.2"]
[White "Sargsyan, Shant"]
[Black "Mikaelyan, Arman"]
[Result "1-0"]
[WhiteElo "2486"]
[BlackElo "2474"]
[Annotator "TA"]
[PlyCount "113"]
[EventDate "2019.01.22"]
[EventType "tourn"]
[EventCountry "ARM"]

{[%evp 9,113,22,29,29,28,29,21,0,17,23,19,7,14,16,16,23,22,21,32,28,25,22,18,7,24,24,19,24,16,16,39,38,43,34,104,87,89,87,82,87,87,88,181,181,173,175,179,174,176,180,163,84,196,197,203,149,159,154,147,150,150,150,225,221,226,225,350,225,215,222,257,252,406,383,429,417,456,456,490,469,512,456,635,593,563,472,639,591,1813,1742,6027,6131,6207,5275,29974,29976,29976,29977,29978,29979,29979,29980,29978,29979,29979,29980]} 1. d4 d5 2. c4 c6 3. Nf3 Nf6 4. e3 e6 5. b3 c5 (5... Bd6 6. Bb2 O-O 7. Bd3 Nbd7 8. O-O b6 9. Nbd2 Bb7 10. Ne5 c5 11. cxd5 exd5 12. f4 Re8 13. Qf3 cxd4 14. exd4 {½-½ (63) Riazantsev,A (2649)-Timofeev,A (2589) St Petersburg 2018}) 6. Bb2 {D30: Queen's Gambit Declined: Systems without Nc3} cxd4 7. Nxd4 Nc6 8. cxd5 $146 {The position is equal.} ({You set blue moves yourself with the critical opening position annotation.:} 8. Bd3 Bb4+ 9. Kf1 dxc4 10. bxc4 O-O 11. Qc2 Ne7 12. Be2 Ng6 13. h4 {0-1 (41) Janzelj,L (2058)-Bratkovic,J (2245) Otocec 2015}) 8... Nxd4 9. Qxd4 Qxd5 10. Nd2 Qxd4 11. Bxd4 Be7 12. Be2 O-O 13. O-O Rd8 14. Rfd1 Nd5 15. Bf3 b6 16. Nc4 Bb7 17. a4 {[%cal Ba2a4,Ba4a5,Ba5a6][%mdl 32]} Rac8 18. a5 {[%cal Ra5b6]} b5 19. a6 Ba8 20. Na5 Rd7 21. Rdc1 Rcd8 (21... Rdc7 $14 22. Rxc7 Rxc7) 22. h3 f6 23. Nc6 $36 {[%mdl 2048] White is on the roll.} Bxc6 24. Rxc6 Nb4 25. Rxe6 Kf7 (25... Nc2 $16 {is a better defense.}) 26. Rxe7+ $1 $18 {[%mdl 64] NOTEXT-4840} Rxe7 27. Bc5 {[%mdl 64] NOTEXT-4834} Nd5 28. Bxe7 Kxe7 {[%mdl 4096] General book [#] An&V&L-An&V&W} 29. Rc1 $1 Nb4 30. Bb7 ({White should try} 30. Be2 $18) 30... Rd6 (30... Kd6 $16) 31. Rc7+ Kf8 32. Rc8+ Ke7 33. Rg8 Kf7 {[#]} 34. Ra8 $1 {[%cal Ra8a7]} Nxa6 35. Rxa7 Nc5 (35... Rd7 $16 36. Bd5+ (36. Rxa6 Rxb7 37. b4 Rb8 $16) 36... Ke7 37. Rxa6 Rxd5) 36. b4 Nd3 37. Be4+ Ke6 (37... Kf8 $142 38. Bxh7 Nxb4) 38. Bxd3 ({Resist} 38. Rxg7 Nxb4 39. Bxh7 Rd1+ 40. Kh2 Nd3 $18) 38... Rxd3 {An&V-An&V} 39. Rb7 g5 40. Rxb5 Rb3 $2 (40... Rd1+ {keeps fighting.} 41. Kh2 Rd2) 41. g4 Kf7 42. Kg2 Rb1 43. Rb8 Rb2 44. b5 {[%cal Bb4b5,Bb5b6,Bb6b7][%mdl 32]} Kg7 45. Kf3 h6 46. b6 Rb4 47. Kg3 Rb3 48. h4 gxh4+ 49. Kxh4 Kg6 50. b7 Kg7 51. f4 {[%cal Bf2f4,Bf4e5,Be5e6][%mdl 32]} Rb4 {[#]} 52. e4 $1 {White mates.} Rb1 (52... Rxe4 53. Ra8) 53. e5 fxe5 54. fxe5 Rh1+ 55. Kg3 Rg1+ 56. Kf2 Rb1 57. e6 {NOTEXT-4805: Tournament = 79%, Annotator = 37%.} 1-0

[Event "ARM-ch Rapid 2019"]
[Site "Yerevan"]
[Date "2019.01.23"]
[Round "8.3"]
[White "Petrosyan, Manuel"]
[Black "Andriasian, Zaven"]
[Result "1-0"]
[WhiteElo "2579"]
[BlackElo "2604"]
[Annotator "TA"]
[PlyCount "105"]
[EventDate "2019.01.22"]
[EventType "tourn"]
[EventCountry "ARM"]

{[%evp 14,105,25,4,17,-20,-20,-20,-22,-24,-20,-20,-15,-22,-22,-19,-19,-32,-23,-31,-27,-32,-13,-13,-13,-13,-13,-13,-13,-13,-13,-13,-13,-41,-31,-45,-27,-35,-43,-45,-45,-62,-52,-52,-40,-66,0,-14,0,0,0,-10,0,-12,128,125,96,103,136,138,143,127,175,114,145,0,111,0,126,0,0,0,1137,1111,1072,1068,1721,1553,4133,2753,2224,2213,29982,29983,29983,29984,29985,29986,29986,29978,29977,29976,29986,29987]} 1. d4 d5 2. Nf3 Nf6 3. Bf4 c5 4. e3 Nc6 5. Nbd2 Bg4 6. c3 e6 7. Bb5 {D02: 1 d4 d5 2 Nf3 sidelines, including 2...Nf6 3 g3 and 2...Nf6 3 Bf4} Nd7 8. Qa4 {LiveBook: 7 Games} Rc8 $146 ({Predecessor:} 8... Qb6 9. c4 Bxf3 10. Nxf3 {0-1 (40) Andreikin,D (2743)-Megaranto,S (2535) Almaty 2016}) 9. Ne5 {The position is equal.} Ncxe5 $1 10. Bxe5 a6 11. Bd3 Rc6 12. Bg3 c4 (12... b5 $5 13. Qc2 $8 c4 $11) 13. Be2 Bxe2 14. Kxe2 Be7 15. Rhe1 O-O 16. Kf1 f5 17. f3 Bh4 18. Bxh4 $1 Qxh4 19. Kg1 e5 20. Qa5 b5 21. a4 Rb8 22. Nf1 {[%cal Bd2f1,Bf1g3,Bg3f5][%mdl 32]} e4 23. fxe4 fxe4 24. Re2 h6 25. Ng3 Kh7 26. Rf1 Nf6 {And now ...Ng4 would win.} 27. Nf5 Qh5 28. Rd2 Rcb6 {aiming for ...bxa4.} 29. axb5 axb5 ({Better is} 29... Rxb5 $15 30. Qa2 (30. Qxa6 $2 Rxb2 31. Rxb2 Rxb2 $17) 30... Qg5) 30. Qb4 $11 Qg5 31. h3 Nh5 32. Kh2 Rf6 {...Rbf8 is the strong threat.} 33. Rdf2 Rg6 (33... Rbf8 $11 {keeps the balance.} 34. g4 g6) 34. g4 $16 Nf6 35. Rf4 {Threatens to win with Ne7.} h5 {[%cal Rh5g4] [#]} 36. Kg2 $1 hxg4 37. h4 Qh5 {Strongly threatening ...g3!} 38. Ng3 $36 {[%mdl 3072] White has strong compensation. White is on the roll.} Qh6 ({Avoid the trap} 38... Qxh4 $2 39. Rh1 $18) 39. Nf5 Qh5 40. Ng3 Qh6 ({Not} 40... Qxh4 $2 41. Rh1 $18) 41. Qd6 (41. Qe7 $16 Kg8 {[#]} 42. h5 $1 {[%mdl 512]}) 41... Ra8 $11 42. Nf5 Nh5 $2 {[%mdl 8192]} (42... Qh5 $11 43. Nxg7 {[%mdl 64] Remove Defender} Rxg7) 43. Qxd5 $18 {[%mdl 64] Double Attack} Nxf4+ 44. Rxf4 Qh5 45. Qxa8 {White wants to mate with Ne7.} g3 46. Nxg3 {[%mdl 64] Double Attack} Qe2+ 47. Kh3 Rxg3+ 48. Kxg3 {White mates.} Qxe3+ 49. Kg4 Qe2+ 50. Kf5 Qh5+ 51. Kxe4 Qe2+ 52. Kd5 Qg2+ 53. Re4 {Accuracy: White = 60%, Black = 55%.} 1-0

[Event "ARM-ch Rapid 2019"]
[Site "Yerevan"]
[Date "2019.01.23"]
[Round "8.4"]
[White "Hayrapetyan, Arman Ash."]
[Black "Ter-Sahakyan, Samvel"]
[Result "1/2-1/2"]
[WhiteElo "2375"]
[BlackElo "2574"]
[Annotator "TA"]
[PlyCount "111"]
[EventDate "2019.01.22"]
[EventType "tourn"]
[EventCountry "ARM"]

{[%evp 16,111,24,5,19,-13,-12,-27,-27,-31,0,-18,-8,-12,0,-39,-39,-41,-31,-37,-23,-35,-4,-8,-3,-16,-9,-46,-34,-48,-42,-86,-70,-52,-33,-34,-36,-48,-15,-22,-21,-18,-24,-39,-45,-34,0,0,0,0,-2,-244,-232,-235,-236,-154,0,-2,0,0,0,0,0,0,0,-27,0,0,0,-268,0,0,0,0,0,0,0,0,0,0,0,0,0,-22,0,0,0,0,0,0,0,0,0,0,0,0,0,-167]} 1. e4 c6 2. Nf3 d5 3. Nc3 dxe4 4. Nxe4 Nf6 5. Nxf6+ exf6 6. Bc4 Bd6 7. Qe2+ Qe7 8. Qxe7+ {B11: Caro-Kann: Two Knights Variation} (8. d4 Na6 9. O-O Qxe2 10. Bxe2 Bf5 11. c3 Nc7 12. Nd2 Nd5 13. Nc4 Bc7 14. Ne3 Nxe3 15. Bxe3 O-O-O {½-½ (68) Adams,M (2712)-Tari,A (2618) Batumi 2018}) 8... Kxe7 9. d4 {LiveBook: 9 Publish game on website} Be6 10. Bb3 a5 11. Bxe6 $146 ({You set blue moves yourself with the critical opening position annotation.:} 11. c3 a4 12. Bc2 Nd7 13. O-O Nb6 14. Nd2 a3 15. b3 Nd5 16. Ne4 Bc7 {1-0 (26) Georgiev,K (2349)-Loutragotis,D (2198) Athens 2017}) 11... fxe6 12. a4 c5 13. dxc5 Bxc5 14. Ke2 Nd7 (14... Na6 {NOTEXT-191} 15. Rd1 e5 16. c3 Ke6 17. Nd2 Rhd8) 15. Be3 (15. Nd2 {NOTEXT-190} Rhd8 16. Ne4 Rac8 17. Rd1 Bb6 18. c3) 15... Bxe3 16. Kxe3 Rhc8 17. c3 Rc4 18. Nd2 Rc6 19. Rhd1 g5 {[%cal Bg7g5,Bg5g4][%mdl 32]} 20. h4 g4 21. f3 h5 22. Ne4 f5 23. Nf2 Nb6 24. Nd3 Nd5+ 25. Kf2 Kf6 26. f4 Ke7 27. Ne5 Rb6 28. Nc4 Rb3 29. g3 Rc8 30. Rd4 {[#]} Rxc4 $1 {[%mdl 576] NOTEXT-4837} 31. Rxc4 Rxb2+ $15 {[%mdl 4096] General book An&V&V-An&V&W} 32. Kg1 Ne3 33. Rd4 $2 (33. Rc5 $1 $11) 33... Rg2+ $19 {[%mdl 64] NOTEXT-4834} 34. Kh1 Rxg3 {And now ...&Wc2 would win.} 35. Rb1 {[#]} Nd5 $2 (35... Rf3 $1 $17 36. Rd3 g3) 36. Rxb7+ $11 Kd6 37. Rb6+ Kc5 38. Rb5+ {[%mdl 64] NOTEXT-4834} Kc6 39. Rc4+ Kd6 40. Rxa5 Nxc3 {aiming for ...&We2.} 41. Ra8 Kd5 42. Rac8 $2 {[%mdl 8192] [#]} (42. Rb4 $11) 42... Ne4 $2 (42... Ne2 $1 $19 43. R8c5+ Kd6 44. Rc6+ Ke7) 43. Rc2 {Black must now prevent &Vd8.The position is equal.} Kd6 44. Rd8+ Ke7 45. Rd4 Ra3 46. Rc7+ Kf6 47. Rdd7 Ra1+ 48. Kg2 Ra2+ 49. Kf1 Ra1+ 50. Ke2 {Hoping for &Vh7.} Ra2+ 51. Kd1 {&Vh7 is the strong threat.} Rxa4 {Strongly threatening ...&Wf2.} 52. Rf7+ Kg6 53. Rg7+ Kh6 54. Rh7+ Kg6 55. Rcg7+ Kf6 56. Rc7 $2 {NOTEXT-4805: Tournament = 50%, Annotator = 48%.} (56. Rf7+ $11 {and White is okay.} Kg6 57. Rhg7+ Kh6 58. Rh7+ Kg6 59. Rhg7+ Kh6 60. Rh7+ Kg6) 1/2-1/2

[Event "ARM-ch Rapid 2019"]
[Site "Yerevan"]
[Date "2019.01.23"]
[Round "8.5"]
[White "Minasian, Artashes"]
[Black "Hakobyan, Aram"]
[Result "0-1"]
[WhiteElo "2472"]
[BlackElo "2545"]
[Annotator "TA"]
[PlyCount "166"]
[EventDate "2019.01.22"]
[EventType "tourn"]
[EventCountry "ARM"]

{[%evp 9,166,-74,-71,-72,-16,-20,-27,-22,-12,-4,12,13,14,12,110,126,110,81,91,11,11,11,24,28,95,0,39,16,72,45,83,-9,0,-6,-11,-126,-124,-167,-171,-167,-173,-216,-210,-260,-186,-196,-78,-93,-80,-85,-77,-83,0,0,0,0,0,0,0,0,0,0,3,8,10,8,7,0,0,0,0,-57,-60,-121,-119,-172,-176,-209,-209,-313,-318,-286,-212,-462,-462,-454,-447,-985,-871,-29942,-12851,-29947,-5810,-12783,-5690,-2838,-181,-181,-59,-2969,-1291,-1564,-4594,-4316,-1641,-29941,-29944,-29943,-29944,-29943,-29945,-29945,-29937,-29947,-29947,-29948,-29946,-29961,-29960,-29961,-29960,-29953,-29942,-29969,-29974,-29976,-29977,-29977,-29971,-29973,-29975,-29973,-29973,-29973,-29974,-29975,-29975,-29975,-29976,-29975,-29977,-29979,-29975,-29965,-29957,-29989,-29987,-29992,-29993,-29993,-29991,-29991,-29992,-29992,-29993,-29993,-29993,-29994,-29990]} 1. Nf3 g6 2. d4 Nf6 3. Bg5 Bg7 4. Nc3 d5 5. Qd2 Ne4 $1 {[%cal Re4d2]} 6. Qe3 {[#] D00: 1 d4 d5: Unusual lines} (6. Qc1 c5 7. Bh6 Bxh6 8. Qxh6 Qa5 9. Qg7 Rf8 10. dxc5 f6 11. Nd4 Nxc3 12. Nb3 Qb4 13. Qxh7 {0-1 (39) Lederle,V (2104)-Cabarkapa,N (2490) Bayern 2015}) 6... Nxg5 (6... c5 $1 $17 {[%mdl 512]} 7. O-O-O (7. dxc5 h6 $17) (7. Nxe4 dxe4 8. Qxe4 cxd4 $15) 7... f5) 7. Qxg5 $11 c6 8. e4 {[%cal Re4d5] Black has an edge.} h6 $146 ({Predecessor:} 8... dxe4 9. Nxe4 Qb6 10. O-O-O h5 11. Kb1 Bg4 12. Re1 O-O 13. c3 {1-0 (21) Iriarte Diez,E (1592)-Enfedaque Jimenez,J (1764) Madrid 2017}) 9. Qe3 Bg4 10. exd5 cxd5 11. Ne5 Bxe5 (11... Nc6 $11 {remains equal.} 12. Nxg4 h5) 12. Qxe5 $16 O-O 13. Bd3 ({Reject} 13. Qxd5 $6 Nc6 $11) 13... Nc6 14. Qg3 (14. Qf4 $1 $16 {[%cal Rf4g4]} h5 15. h3) 14... Qd7 $11 15. Nxd5 Nxd4 16. Ne3 Bh5 (16... Bf5 $11) 17. Qf4 (17. f3 $16) 17... g5 18. Qe5 Nc6 (18... f6 $1 $11 19. Qa5 b6) 19. Qb5 Rfd8 20. O-O ({White should play} 20. h4 $1 $16) 20... Nd4 $36 {[%mdl 2048] Black has the initiative.} 21. Qxd7 Rxd7 22. f4 (22. f3 $11 {keeps the balance.}) 22... Be2 $17 23. Rf2 Bxd3 24. cxd3 gxf4 25. Nc4 f6 26. Re1 b5 27. Nd2 Nc2 (27... e5 $19 28. Nf3 Nxf3+ 29. Rxf3 Rad8) 28. Re4 e5 29. g3 Rxd3 {aiming for ...Nd4.} 30. gxf4 Rad8 (30... Nd4 $17 31. Kf1 Kf7 32. fxe5 f5) 31. Nf1 $1 $11 R8d4 32. Ree2 Nb4 {Strongly threatening ...Nd5.} 33. fxe5 fxe5 34. Rxe5 Rg4+ 35. Ng3 Rd1+ 36. Kg2 Nd3 37. Re8+ Kh7 38. Rf7+ Rg7 39. Rff8 Rd2+ 40. Kf1 ({Better is} 40. Kf3 $11) 40... Rxh2 $15 41. Ne4 (41. Rd8 $15 Nxb2 42. Nf5) 41... Rxb2 $17 42. Rd8 (42. Nf6+ $17 {might work better.} Kg6 43. Nd5) 42... Ne5 $19 43. Rh8+ Kg6 44. Rd6+ (44. Rhf8 {was necessary.} Rf7+ 45. Rxf7 Nxf7 46. Rg8+ Kf5 47. Ng3+ Kf6 48. Nh5+ Ke7 49. Rg2 Rxg2 50. Kxg2) 44... Kf5 45. Nf2 Rxa2 46. Rhxh6 $2 {[#]} (46. Rf8+ {keeps fighting.} Rf7 47. Rxf7+ Nxf7 48. Rd5+ Ne5 49. Nd3) 46... Rxf2+ $1 {[%mdl 64] Remove Defender, Decoy} 47. Kxf2 {[%mdl 4096] Endgame KRR-KRN} Ng4+ {[%mdl 64] Double Attack} 48. Ke2 (48. Kf3 $142 Nxh6 49. Rxh6) 48... Nxh6 49. Rxh6 {KR-KR} Ke4 50. Rd6 Ke5 (50... Rc7 $142 51. Rg6 Kd4 52. Kd2 b4 53. Rg4+ Kc5 54. Kc2 Kb5+ 55. Kb3 Rc3+ 56. Kb2 Rf3 57. Rg2 a5 58. Kc2 Ka4 59. Kb2 Rf4 60. Rd2 b3 61. Rd1 Rf2+ 62. Kb1 Ka3 63. Re1 Rf3 64. Kc1 b2+ 65. Kc2 Ka2 66. Rg1 a4 67. Re1 a3 68. Rh1 Rf2+ 69. Kc3 b1=Q 70. Rxb1 Kxb1 71. Kd3 a2 72. Ke4 Rf6 73. Kd5 a1=Q 74. Kc5 Qe5+ 75. Kc4 Rf4+ 76. Kd3 Rd4+ 77. Kc3 Qe3#) 51. Rd8 Rb7 (51... Re7 $142 52. Kd3 Rc7) 52. Kd3 Ke6 $2 (52... Rc7 53. Rb8 a6) 53. Kc3 Ke7 ({Black should try} 53... Rd7 $19 54. Re8+ Kd5) 54. Rd5 $2 {[%mdl 8192]} (54. Rh8 $15 Rc7+ 55. Kb4) 54... a5 55. Kb3 Ke6 56. Rh5 Kd6 $1 57. Rh6+ Kc5 $1 {Black mates.} 58. Rh5+ {[#]} Kb6 $1 59. Rh6+ {[#]} Ka7 $1 60. Rh5 Ka6 61. Rh6+ Rb6 62. Rh8 Rg6 63. Rh3 Kb6 64. Rf3 Re6 65. Rg3 Re5 66. Rc3 a4+ 67. Ka3 Ka5 68. Rc8 Re3+ 69. Ka2 Re2+ 70. Kb1 Kb4 71. Rh8 Rd2 72. Rh5 a3 73. Ka1 Ka4 74. Rh4+ b4 {[%cal Bb5b4,Bb4b3][%mdl 32]} 75. Rg4 Kb5 76. Rg5+ Kc4 77. Rg4+ Rd4 78. Rg1 b3 79. Rh1 Rd2 80. Kb1 Kc3 81. Rh3+ Rd3 82. Rh1 Re3 83. Rc1+ Kd2 {Accuracy: White = 34%, Black = 51%.} 0-1